000
00205 a2200097 4500
020
_a
9781546176541
041
_a
spa
100
_a
Pilkey, Dav
245
_a
Juan el Grande, El Comienzo
942
_c
Libros/Book
999
_c
31979
_d
31977